000 01213nam a2200313 a 4500
001 000022648
005 20200930021721.0
008 101014s2004 ht 001 0dspa d
020 _z9993580236
040 _aDO-SdBNP
_bspa
_cBNPHU
041 1 7 _2fre
082 _a972.94
_bN436t, 2004
100 1 _aNemours, Alfred,
_d1883-1955
_946607
245 1 0 _aToussaint Louverture fonde á St.Domingue la liberté et l´égalité :
_bavec des documents inédits /
_cGénéral Nemours.
250 _aed. facsimilar
260 _aPort-au-Prince, Haití :
_bFardin,
_c[2004].
300 _a103 p. ;
_c22 cm.
490 1 _aCollection du Bicentenaire
500 _aIncluye reproducción facsímilar de la portada de la edición: Port-au-Prince, Haití : Collége Vertiéres, 1945.
504 _aBibliografía: p.97-102.
533 _aFacsímilar:
_bPort-au-Prince, Haití:
_cCollége Vertiéres,
_d1945.
546 _aFrancés
600 1 4 _aLOUVERTURE, TOUSSAINT,
_d1743-1803
_946608
651 4 _aHaití
_xHistoria
_yREVOLUCIÓN, 1791-1804
_99645
651 4 _aRepública Dominicana
_xHistoria
_9170
830 0 _aCollection du Bicentenaire
_946609
910 _aValidado. Control de la calidad EMS.
049 _aBNPD
999 _c22145
_d22145